Dane podnikateľských subjektov

Saved in:
Bibliographic Details
Main Author: Ďurinová, Ivona, 1964-
Format: Book Chapter
Language:Slovak
Tags: Add Tag
No Tags, Be the first to tag this record!

MARC

LEADER 00000naa$a2200000$$$4500
001 0063228
005 20240502071727.0
041 0 |a slo 
044 |a SK 
245 1 0 |a Dane podnikateľských subjektov  |c Ivona Ďurinová 
100 1 |a Ďurinová, Ivona, 1964-